[Event "XIX Festival A"]
[Site "Arco ITA"]
[Date "2007.10.27"]
[Round "8"]
[White "Panican, Gheorghe"]
[Black "Grom, Waldemar"]
[Result "1-0"]
[WhiteElo "2104"]
[BlackElo "2014"]
[PlyCount "97"]
[EventDate "2007.10.20"]

1. e4 c5 2. Nf3 e6 3. g3 Nc6 4. d3 d6 5. Bg2 Nf6 6. O-O Be7 7. Re1 O-O 8. c3
Bd7 9. d4 cxd4 10. cxd4 d5 11. e5 Ne8 12. Nc3 a6 13. h4 h6 14. Bh3 Rc8 15. Bf4
b5 16. h5 Nc7 17. Qd2 Kh7 18. Bf1 Rh8 19. Bd3+ Kg8 20. Rac1 b4 21. Ne2 Nb5 22.
Bxb5 axb5 23. b3 Ra8 24. Rc2 Bf8 25. Rec1 Ne7 26. Qxb4 g5 27. Be3 Nf5 28. Qd2
Ba3 29. Rd1 Be7 30. g4 Ng7 31. Ne1 f5 32. exf6 Bxf6 33. Nd3 Be8 34. Ng3 Qd6 35.
Qb4 Qb8 36. Qc3 Be7 37. Ne5 Bd6 38. f4 gxf4 39. Bxf4 Qd8 40. Kg2 b4 41. Qe3 Qf6
42. Rf2 Rc8 43. g5 Qd8 44. g6 Rc3 45. Rd3 Qh4 46. Qf3 Bxe5 47. Bxe5 Nf5 48.
Nxf5 exf5 49. Qxd5+ 1-0

[Event "XIX Festival A"]
[Site "Arco ITA"]
[Date "2007.10.27"]
[Round "8"]
[White "Papa, Angelo"]
[Black "Nicolodi, Raoul"]
[Result "1-0"]
[WhiteElo "1903"]
[BlackElo "1539"]
[PlyCount "69"]
[EventDate "2007.10.20"]

1. d4 d5 2. Nf3 Nf6 3. e3 g6 4. Bd3 Bg7 5. O-O O-O 6. b3 Bg4 7. Nbd2 Nbd7 8. h3
Bxf3 9. Nxf3 c5 10. Bb2 Rc8 11. Qe2 a6 12. c4 dxc4 13. bxc4 Qc7 14. d5 Rfd8 15.
e4 Nh5 16. Bxg7 Kxg7 17. g3 Ne5 18. Qb2 f6 19. Nxe5 Qxe5 20. Qxe5 fxe5 21. a4
Rb8 22. Rfb1 Rd7 23. Rb6 Rc8 24. Rab1 Rcc7 25. Kg2 g5 26. Re6 h6 27. Rxe5 Nf6
28. Re6 Nh7 29. Rbb6 h5 30. Rg6+ Kf7 31. e5 Rd8 32. Rh6 Nf8 33. Rxh5 a5 34.
Rxg5 Rb8 35. h4 1-0

[Event "XIX Festival A"]
[Site "Arco ITA"]
[Date "2007.10.27"]
[Round "8"]
[White "Picone, Franco"]
[Black "Koelmans, Jan Willem"]
[Result "0-1"]
[WhiteElo "1864"]
[BlackElo "2008"]
[PlyCount "46"]
[EventDate "2007.10.20"]

1. d4 d5 2. Bf4 Nf6 3. e3 e6 4. Nf3 c5 5. c3 Be7 6. Bd3 Nc6 7. Nbd2 O-O 8. Ne5
cxd4 9. exd4 Bd7 10. Qf3 Nxe5 11. dxe5 Ne8 12. Qh3 g6 13. Qh6 f6 14. h4 fxe5
15. h5 Rxf4 16. hxg6 Nf6 17. gxh7+ Kh8 18. Qg5 Ng4 19. Qg6 Nxf2 20. Nf3 Nxd3+
21. Qxd3 Re4+ 22. Kd2 Qb6 23. Kc2 Bb5 0-1

[Event "XIX Festival A"]
[Site "Arco ITA"]
[Date "2007.10.27"]
[Round "8"]
[White "Pipitone, Antonio"]
[Black "Rigo, Marco"]
[Result "0-1"]
[WhiteElo "2028"]
[BlackElo "1882"]
[PlyCount "133"]
[EventDate "2007.10.20"]

1. e4 c5 2. Nf3 Nc6 3. d4 cxd4 4. Nxd4 Qb6 5. Nb3 d6 6. Be3 Qc7 7. Nc3 Nf6 8.
Be2 g6 9. h3 Bg7 10. Qd2 a6 11. Bh6 O-O 12. Bxg7 Kxg7 13. f4 b5 14. Bf3 Rd8 15.
Rd1 Bb7 16. O-O Rac8 17. Nd5 Nxd5 18. exd5 Nb8 19. Rf2 Nd7 20. c3 Nf6 21. Re2
Rd7 22. f5 Qc4 23. fxg6 hxg6 24. Qg5 Nh7 25. Qe3 Nf6 26. Rd4 Qc7 27. Rh4 Rh8
28. Rxh8 Kxh8 29. Qh6+ Kg8 30. Rd2 Qd8 31. Rd4 Qf8 32. Qd2 Rc7 33. Kh1 Nd7 34.
Rh4 Ne5 35. Be2 Qg7 36. Na5 Bc8 37. Qe3 Qf6 38. Rf4 Qg5 39. Re4 Qxe3 40. Rxe3
Rc5 41. Nc6 Nxc6 42. dxc6 e6 43. Bf3 d5 44. Kg1 Rxc6 45. Kf2 f6 46. Ke1 Kf7 47.
Kd2 Bd7 48. b3 Rd6 49. Rd3 Ke7 50. b4 Bc6 51. Ke3 e5 52. Rd2 f5 53. g3 Ke6 54.
Be2 g5 55. a4 Bd7 56. a5 Kf6 57. h4 f4+ 58. gxf4 Kf5 59. Bf1 e4 60. Ke2 Kg4 61.
f5 Kxh4 62. Kf2 Kg4 63. Be2+ Kxf5 64. Bh5 Ke5 65. Ke1 Rh6 66. Bf7 Bc6 67. Bg8 {
...} 0-1

[Event "XIX Festival A"]
[Site "Arco ITA"]
[Date "2007.10.27"]
[Round "8"]
[White "Prakken, Gerrit"]
[Black "Pierangeli, Andrea"]
[Result "1-0"]
[WhiteElo "2217"]
[BlackElo "2020"]
[PlyCount "65"]
[EventDate "2007.10.20"]

1. d4 Nf6 2. c4 g6 3. Nc3 Bg7 4. e4 d6 5. Nf3 O-O 6. Be2 Nbd7 7. O-O Re8 8. e5
dxe5 9. dxe5 Ng4 10. e6 fxe6 11. Ng5 Nxf2 12. Rxf2 Nf6 13. Qxd8 Rxd8 14. Be3 h6
15. Nge4 c6 16. Bc5 Re8 17. Rd1 Nd7 18. Bd4 e5 19. Be3 Nf6 20. h3 b6 21. Bf3
Bb7 22. Rfd2 Kf8 23. g4 Rac8 24. g5 hxg5 25. Nxg5 e6 26. Nce4 Re7 27. Rd8+ Re8
28. Nxe6+ Kg8 29. Rxe8+ Nxe8 30. Rd7 Ba8 31. Nxg7 Nxg7 32. Nf6+ Kf8 33. Bh6 1-0

[Event "XIX Festival A"]
[Site "Arco ITA"]
[Date "2007.10.27"]
[Round "8"]
[White "Qendro, Llambi"]
[Black "Scharrer, Patrick"]
[Result "1-0"]
[WhiteElo "2404"]
[BlackElo "2220"]
[PlyCount "83"]
[EventDate "2007.10.20"]

1. d4 Nf6 2. c4 g6 3. Nc3 Bg7 4. e4 d6 5. f3 O-O 6. Bg5 c5 7. d5 e6 8. Qd2 exd5
9. cxd5 Re8 10. Nge2 Nbd7 11. Ng3 h5 12. Be2 a6 13. a4 Qa5 14. O-O Nh7 15. Bf4
Ne5 16. Nh1 Qd8 17. Nf2 Bd7 18. Bh6 f5 19. Bxg7 Kxg7 20. f4 Nf7 21. Bd3 fxe4
22. Ncxe4 Bf5 23. Qc3+ Kg8 24. Rae1 Qd7 25. Ng3 Nh6 26. Nfe4 h4 27. Nxf5 Nxf5
28. Ng5 Nxg5 29. fxg5 Rxe1 30. Qxe1 Rf8 31. Bxf5 Rxf5 32. Rxf5 Qxf5 33. Qe8+
Kg7 34. Qe7+ Kg8 35. Qd8+ Kg7 36. Qc7+ Kg8 37. Qb8+ Qf8 38. Qxf8+ Kxf8 39. a5
Ke7 40. h3 Kd7 41. g3 b5 42. axb6 1-0

[Event "XIX Festival A"]
[Site "Arco ITA"]
[Date "2007.10.27"]
[Round "8"]
[White "Rettore, Ludwig"]
[Black "Valenti, Giuseppe"]
[Result "1-0"]
[WhiteElo "2177"]
[BlackElo "2207"]
[PlyCount "67"]
[EventDate "2007.10.20"]

1. d4 Nf6 2. Nf3 e6 3. c4 b6 4. Nc3 Bb7 5. e3 Be7 6. Be2 d5 7. cxd5 Nxd5 8. O-O
Nd7 9. Nxd5 Bxd5 10. b3 O-O 11. Bb2 Qc8 12. Nd2 Qb7 13. e4 Bc6 14. Rc1 Rac8 15.
Bd3 h6 16. Qe2 Nb8 17. d5 Bd7 18. Qg4 e5 19. Qg3 f6 20. f4 exf4 21. Qxf4 b5 22.
Rf3 Qb6+ 23. Kh1 Qd6 24. Qe3 a6 25. Rg3 Kh8 26. Rg6 Rf7 27. e5 Qxd5 28. exf6
Bxf6 29. Bxf6 gxf6 30. Rxh6+ Kg8 31. Qg3+ Rg7 32. Bh7+ Kf7 33. Bg6+ Kg8 34. Qh4
1-0

[Event "XIX Festival A"]
[Site "Arco ITA"]
[Date "2007.10.27"]
[Round "8"]
[White "Rossi, Paolo"]
[Black "Vink, Wim"]
[Result "1/2-1/2"]
[WhiteElo "1884"]
[BlackElo "2084"]
[PlyCount "80"]
[EventDate "2007.10.20"]

1. d4 d5 2. Nf3 Nf6 3. e3 Bf5 4. Bd3 Bg6 5. Qe2 Bxd3 6. Qxd3 c6 7. Nbd2 Nbd7 8.
O-O e6 9. e4 dxe4 10. Nxe4 Nxe4 11. Qxe4 Nf6 12. Qe2 Be7 13. h3 O-O 14. Bf4 Qa5
15. a3 c5 16. dxc5 Qxc5 17. Rad1 Nd5 18. Bc1 Rac8 19. c3 b5 20. Nd4 Qc4 21.
Qxc4 bxc4 22. Rfe1 Bf6 23. g3 Rfd8 24. Nf3 h6 25. Ne5 Bxe5 26. Rxe5 a6 27. Re4
Rc6 28. Rdd4 Rdc8 29. f4 f5 30. Re1 Kf7 31. Kf2 h5 32. Kf3 g6 33. Red1 Ke7 34.
g4 hxg4+ 35. hxg4 Rh8 36. Kg3 fxg4 37. Kxg4 Rh2 38. Kg3 Rh5 39. Re1 Kf6 40.
Rde4 Kf7 1/2-1/2

[Event "XIX Festival A"]
[Site "Arco ITA"]
[Date "2007.10.27"]
[Round "8"]
[White "Salvador, Roland"]
[Black "Wohl, Aleksandar H."]
[Result "0-1"]
[WhiteElo "2456"]
[BlackElo "2415"]
[PlyCount "104"]
[EventDate "2007.10.20"]

1. d4 Nf6 2. Nf3 g6 3. Nc3 d5 4. Bf4 Bg7 5. e3 O-O 6. Be2 c5 7. Ne5 Nc6 8. O-O
cxd4 9. exd4 Bf5 10. Nxc6 bxc6 11. Na4 Nd7 12. g4 Be6 13. Qd2 f6 14. Bg3 a5 15.
Qc3 Qc8 16. Rae1 Bf7 17. f4 Re8 18. Bd3 Qb7 19. b3 e6 20. f5 e5 21. dxe5 fxe5
22. fxg6 Bxg6 23. Bxg6 hxg6 24. Qd2 Qb4 25. Qg5 Re6 26. c4 d4 27. h4 e4 28. c5
d3 29. Bf4 Qd4+ 30. Be3 Qe5 31. Kg2 Qxg5 32. hxg5 Ne5 33. Nb6 Rd8 34. Nc4 Nxc4
35. bxc4 Rb8 36. Rb1 Rb4 37. a3 Rxb1 38. Rxb1 Re8 39. Re1 a4 40. Bd2 Bd4 41.
Bb4 e3 42. Kf3 Bxc5 43. Bc3 Re7 44. Rh1 Rh7 45. Rb1 Rh2 46. Ke4 d2 47. Ke5 Rf2
48. Ke6 Rf7 49. Rh1 Re7+ 50. Kf6 Rd7 51. Kxg6 Bd4 52. Bb4 Bg7 0-1

[Event "XIX Festival A"]
[Site "Arco ITA"]
[Date "2007.10.27"]
[Round "8"]
[White "Serafimov, Dimitar"]
[Black "Giuriato, Sergio"]
[Result "1-0"]
[WhiteElo "2168"]
[BlackElo "1990"]
[PlyCount "105"]
[EventDate "2007.10.20"]

1. c4 e6 2. g3 Nf6 3. Bg2 d5 4. Nf3 dxc4 5. O-O Nbd7 6. Qa4 c5 7. Qxc4 a6 8.
Qc2 Rb8 9. d3 Bd6 10. a4 b5 11. axb5 axb5 12. Nc3 O-O 13. Rd1 Qc7 14. e4 b4 15.
Na4 Bb7 16. b3 Ra8 17. Bb2 Rfc8 18. Nd2 Ng4 19. h3 Nge5 20. f4 Nc6 21. e5 Bf8
22. Nc4 Ra6 23. Rac1 Nd4 24. Bxd4 cxd4 25. Bxb7 Qxb7 26. Qg2 Qxg2+ 27. Kxg2
Rca8 28. Ncb2 f6 29. Rc7 R8a7 30. Rxa7 Rxa7 31. Nc4 fxe5 32. fxe5 Nc5 33. Nxc5
Bxc5 34. Kf3 Kf7 35. Rd2 Ke8 36. Rc2 Kd7 37. Nd2 Ra5 38. Ke4 Kc6 39. Nf3 Kb5
40. Nxd4+ Bxd4 41. Kxd4 Ra3 42. Rc7 Rxb3 43. Rxg7 Rb1 44. Rxh7 Rc1 45. Rb7+ Ka4
46. h4 Ka3 47. h5 b3 48. h6 Kb2 49. h7 Rc8 50. g4 Kc2 51. g5 b2 52. g6 b1=Q 53.
Rxb1 1-0

[Event "XIX Festival A"]
[Site "Arco ITA"]
[Date "2007.10.27"]
[Round "8"]
[White "Sigillo, Carmelo"]
[Black "Idili, Leonardo"]
[Result "1-0"]
[WhiteElo "1595"]
[BlackElo "1735"]
[PlyCount "37"]
[EventDate "2007.10.20"]

1. e4 d6 2. d4 g6 3. Nc3 Bg7 4. Bc4 Nf6 5. Qe2 c6 6. e5 dxe5 7. dxe5 Nd5 8. Bd2
O-O 9. O-O-O e6 10. Nf3 a5 11. Ne4 b5 12. Bxd5 exd5 13. Bg5 Qb6 14. Nf6+ Kh8
15. h4 Bg4 16. h5 Bxf6 17. Bxf6+ Kg8 18. Qd2 Nd7 19. Qh6 1-0

[Event "XIX Festival A"]
[Site "Arco ITA"]
[Date "2007.10.27"]
[Round "8"]
[White "Stolfa, Rodolfo"]
[Black "Mombelli, Antonio"]
[Result "0-1"]
[WhiteElo "1926"]
[BlackElo "1717"]
[PlyCount "163"]
[EventDate "2007.10.20"]

1. d4 d5 2. c4 c6 3. Nc3 Nf6 4. e3 a6 5. Nf3 Bf5 6. Qb3 Qc7 7. Be2 e6 8. Nh4
Bg6 9. O-O Be7 10. f4 O-O 11. Nf3 Nbd7 12. Bd2 b5 13. cxd5 cxd5 14. a3 Rfc8 15.
Rfc1 Qd8 16. Na2 Ne4 17. Be1 Nb6 18. Ba5 Qd6 19. Bb4 Qd8 20. Ba5 Qd6 21. Bxb6
Qxb6 22. Ne5 Nd2 23. Qd1 Nc4 24. Nxg6 hxg6 25. Bxc4 bxc4 26. Rab1 Qb3 27. Qxb3
cxb3 28. Nc3 Bd8 29. Kf2 Kf8 30. Na4 a5 31. Ke2 Ke7 32. Kd2 Kd6 33. Rxc8 Rxc8
34. Nc5 Rb8 35. Kc3 Kc6 36. Nxb3 Kb5 37. Nc5 Kc6 38. b3 g5 39. Rf1 gxf4 40.
Rxf4 Bf6 41. Rf3 Rb5 42. a4 Rb8 43. Nd3 Rb7 44. g3 Rc7 45. h4 Kd6+ 46. Nc5
Rxc5+ 47. Kd3 Rc7 48. h5 Bg5 49. Rf1 f6 50. Rb1 Rb7 51. Ke2 e5 52. g4 Rb4 53.
Kd3 exd4 54. exd4 f5 55. Kc3 fxg4 56. Rg1 Bf6 57. Rxg4 Ke6 58. Rf4 Rb7 59. Rf1
Be7 60. Re1+ Kd7 61. Re5 Bb4+ 62. Kd3 Kd6 63. Rg5 Rd7 64. Rg6+ Kc7 65. h6 gxh6
66. Rxh6 Rg7 67. Rh3 Rg1 68. Rh5 Rg3+ 69. Ke2 Kc6 70. Rh6+ Bd6 71. b4 axb4 72.
Kd2 Ra3 73. Kc2 Rxa4 74. Rh1 b3+ 75. Kd3 b2 76. Rb1 Rb4 77. Kc2 Kb5 78. Kd3 Bf4
79. Kc3 Bc1 80. Kd3 Rb3+ 81. Kc2 Kc4 82. Kd1 0-1

[Event "XIX Festival A"]
[Site "Arco ITA"]
[Date "2007.10.27"]
[Round "8"]
[White "Tocco, Paolo"]
[Black "Vuelban, Virgilio"]
[Result "0-1"]
[WhiteElo "2159"]
[BlackElo "2399"]
[PlyCount "108"]
[EventDate "2007.10.20"]

1. d4 Nf6 2. Nc3 d5 3. e4 e6 4. e5 Nfd7 5. Nf3 c5 6. Ne2 Nc6 7. c3 Qb6 8. a3 c4
9. Nf4 Qc7 10. Ng5 Nb6 11. Qf3 Qe7 12. h4 Bd7 13. g3 h6 14. Ngh3 O-O-O 15. Bg2
g6 16. O-O Qe8 17. Be3 Be7 18. Ne2 Qg8 19. Rfb1 Na5 20. Re1 Ba4 21. Rac1 Bb3
22. Ra1 Na4 23. Nc1 Nxb2 24. Rb1 Na4 25. Nxb3 Nxb3 26. Rxb3 cxb3 27. Qd1 Qe8
28. Qxb3 Nb6 29. c4 Nxc4 30. Rc1 Qc6 31. Bf1 b5 32. a4 a6 33. axb5 axb5 34. Nf4
Kd7 35. Nd3 Ra8 36. Nb4 Qb6 37. Nc2 h5 38. Rb1 Rhb8 39. Bc1 Qa5 40. Ne3 Qa2 41.
Qd3 Ba3 42. Nxd5 exd5 43. e6+ fxe6 44. Qxg6 Rf8 45. Bf4 Bd6 46. Bh3 Qe2 47.
Rxb5 Ra1+ 48. Kh2 Qxf2+ 49. Bg2 Ra2 50. Qh7+ Be7 51. Rb7+ Kc6 52. Rc7+ Kb5 53.
Qb1+ Rb2 54. Qh1 Rxf4 0-1

[Event "XIX Festival A"]
[Site "Arco ITA"]
[Date "2007.10.27"]
[Round "8"]
[White "Tomassoni, Leonardo"]
[Black "Acunzo, Domenico"]
[Result "1-0"]
[WhiteElo "1975"]
[BlackElo "1775"]
[PlyCount "33"]
[EventDate "2007.10.20"]

1. e4 e6 2. d4 d5 3. Nc3 Bb4 4. e5 c5 5. a3 Bxc3+ 6. bxc3 Ne7 7. Nf3 Qc7 8. Be2
Nbc6 9. O-O cxd4 10. cxd4 Bd7 11. Rb1 O-O 12. Bd3 Rac8 13. Bxh7+ Kh8 14. Ng5 g6
15. Qg4 Nf5 16. Bxg6 Kg7 17. Bxf5 1-0

[Event "XIX Festival A"]
[Site "Arco ITA"]
[Date "2007.10.27"]
[Round "8"]
[White "Zordan, Diego"]
[Black "Giaracuni, Claudio"]
[Result "1/2-1/2"]
[WhiteElo "1607"]
[BlackElo "1759"]
[PlyCount "66"]
[EventDate "2007.10.20"]

1. d4 d5 2. Nf3 e6 3. Bg5 Nf6 4. e3 Be7 5. c4 O-O 6. Nc3 c6 7. Bd3 Nbd7 8. O-O
dxc4 9. Bxc4 Nd5 10. Bxe7 Qxe7 11. a3 Nxc3 12. bxc3 e5 13. Re1 b5 14. Bb3 e4
15. Nd2 Nf6 16. f3 Be6 17. Bc2 Bd5 18. fxe4 Bxe4 19. Nxe4 Nxe4 20. Qd3 f5 21.
Rf1 Kh8 22. a4 b4 23. cxb4 Qxb4 24. Rab1 Qd2 25. Rbd1 Qxd3 26. Bxd3 Nc3 27. Rc1
Nxa4 28. Rxc6 g6 29. Ra1 Nb6 30. e4 fxe4 31. Bxe4 Rad8 32. Rd1 Rf4 33. Re6 Nd5
1/2-1/2

[Event "XIX Festival A"]
[Site "Arco ITA"]
[Date "2007.10.28"]
[Round "9"]
[White "Aagaard, Jacob"]
[Black "Rettore, Ludwig"]
[Result "1-0"]
[WhiteElo "2535"]
[BlackElo "2177"]
[PlyCount "61"]
[EventDate "2007.10.20"]

1. d4 d5 2. c4 e6 3. Nf3 Nf6 4. g3 c5 5. Bg2 Nc6 6. O-O Be7 7. cxd5 exd5 8. Nc3
O-O 9. Bg5 cxd4 10. Nxd4 h6 11. Be3 Re8 12. Rc1 Bf8 13. Nxc6 bxc6 14. Na4 Qa5
15. a3 Bg4 16. Re1 Qb5 17. h3 Bh5 18. g4 Rxe3 19. fxe3 Bg6 20. Qd4 Bd6 21. Nc5
Bg3 22. Rf1 Re8 23. Nd3 Bxd3 24. Qxd3 Qb6 25. Qd4 Qc7 26. b4 Ne4 27. Bxe4 Rxe4
28. Qc5 Qd8 29. Qxc6 Qh4 30. Qc8+ Kh7 31. Qf5+ 1-0

[Event "XIX Festival A"]
[Site "Arco ITA"]
[Date "2007.10.28"]
[Round "9"]
[White "Acunzo, Domenico"]
[Black "Ludovici, Roberto"]
[Result "1/2-1/2"]
[WhiteElo "1775"]
[BlackElo "1864"]
[PlyCount "33"]
[EventDate "2007.10.20"]

1. e4 c5 2. Nf3 Nc6 3. Be2 d6 4. O-O Nf6 5. Nc3 e6 6. d4 cxd4 7. Nxd4 Be7 8.
Kh1 Bd7 9. f4 Qb6 10. Nb3 a6 11. Rf3 Ng4 12. Qe1 Nb4 13. Bd3 Nxd3 14. cxd3 a5
15. h3 h5 16. Be3 Nxe3 17. Qxe3 1/2-1/2

[Event "XIX Festival A"]
[Site "Arco ITA"]
[Date "2007.10.28"]
[Round "9"]
[White "Ben Houidi, Lassaad"]
[Black "Idili, Leonardo"]
[Result "1/2-1/2"]
[WhiteElo "1599"]
[BlackElo "1735"]
[PlyCount "66"]
[EventDate "2007.10.20"]

1. e4 d6 2. d4 g6 3. Nf3 Bg7 4. c3 Nf6 5. Bg5 Nxe4 6. Bh4 O-O 7. Bd3 Nf6 8. O-O
c5 9. dxc5 dxc5 10. Qc2 Nc6 11. Nbd2 Qc7 12. Rad1 Bg4 13. h3 Be6 14. b3 Rad8
15. Bxf6 Bxf6 16. Ne4 b6 17. Nxf6+ exf6 18. Be4 Ne5 19. c4 Nxf3+ 20. Bxf3 Qf4
21. Bd5 Bf5 22. Qc3 Qe5 23. Qf3 Rfe8 24. Rd2 Be4 25. Qd1 Bxd5 26. cxd5 Rd6 27.
Qf3 f5 28. Rfd1 Qe4 29. Qc3 Re5 30. Qc4 f6 31. Rd3 Qxc4 32. bxc4 Re2 33. R3d2
Re5 1/2-1/2

[Event "XIX Festival A"]
[Site "Arco ITA"]
[Date "2007.10.28"]
[Round "9"]
[White "Bernardi, Ruben"]
[Black "Burani, Eugenio"]
[Result "1-0"]
[WhiteElo "2107"]
[BlackElo "2017"]
[PlyCount "73"]
[EventDate "2007.10.20"]

1. e4 c5 2. Na3 Nf6 3. d3 d6 4. g3 g6 5. Bg2 Bg7 6. c3 Bg4 7. Ne2 Qc8 8. h3 Bd7
9. Be3 Na6 10. Qd2 Rb8 11. Bh6 O-O 12. Nc2 b5 13. Bxg7 Kxg7 14. Ne3 b4 15. c4
Rh8 16. f4 Nc7 17. b3 Nfe8 18. Qb2+ f6 19. e5 dxe5 20. fxe5 g5 21. d4 cxd4 22.
Nxd4 Rb6 23. c5 Ra6 24. c6 Be6 25. O-O Ra5 26. Nef5+ Kf8 27. Rae1 Bxf5 28. Nxf5
Nd5 29. Nd4 Nc3 30. a4 h6 31. Qc2 Kf7 32. exf6 Nxf6 33. Nf5 Rxf5 34. Rxf5 e6
35. Rfe5 Rd8 36. Qf2 a6 37. Rxe6 1-0

[Event "XIX Festival A"]
[Site "Arco ITA"]
[Date "2007.10.28"]
[Round "9"]
[White "Bossoni, Mario"]
[Black "De Nisi, Roberta"]
[Result "0-1"]
[WhiteElo "1993"]
[BlackElo "1845"]
[PlyCount "118"]
[EventDate "2007.10.20"]

1. e4 e6 2. Nf3 d5 3. e5 c5 4. b4 cxb4 5. d4 Nc6 6. a3 Bd7 7. axb4 Bxb4+ 8. c3
Be7 9. Bd3 Na5 10. O-O b5 11. Nbd2 Qc7 12. Bb2 Rc8 13. Ra2 b4 14. cxb4 Bxb4 15.
Ba6 Rb8 16. Qe2 Ne7 17. Rc1 Qb6 18. Ba3 Nec6 19. Rb2 Qd8 20. Bxb4 Rxb4 21. Rxb4
Nxb4 22. Rb1 Nbc6 23. Nb3 Nxb3 24. Rxb3 Qa5 25. Bd3 O-O 26. Qb2 h6 27. h3 Re8
28. Bb1 Qa4 29. Bc2 Qc4 30. Bd3 Qa4 31. Bb5 Qa5 32. Bxc6 Bxc6 33. Nd2 a6 34.
Ra3 Qb5 35. Rb3 Qe2 36. Re3 Qd1+ 37. Kh2 Bb5 38. Nb3 Rc8 39. Rc3 Rxc3 40. Qxc3
Qe2 41. f3 Qf2 42. Nd2 h5 43. Qb4 g5 44. Qc3 g4 45. hxg4 hxg4 46. fxg4 Qf4+ 47.
Kg1 Qxg4 48. Nb3 Bc4 49. Nc5 Qd1+ 50. Kh2 Qb1 51. Qa5 Qb5 52. Qd8+ Kg7 53. Nd7
Qb7 54. Qf8+ Kg6 55. Qg8+ Kh6 56. Qf8+ Kg5 57. Qxf7 Qb1 58. Qe7+ Kg4 59. Nf6+
59... Kf5 {...} 0-1

[Event "XIX Festival A"]
[Site "Arco ITA"]
[Date "2007.10.28"]
[Round "9"]
[White "Coqueraut, Jean Dominique"]
[Black "Battiston, Claudio"]
[Result "0-1"]
[WhiteElo "2061"]
[BlackElo "1882"]
[PlyCount "82"]
[EventDate "2007.10.20"]

1. d4 Nf6 2. c4 g6 3. Nc3 Bg7 4. e4 d6 5. Be2 O-O 6. Nf3 e5 7. dxe5 dxe5 8.
Qxd8 Rxd8 9. Bg5 Re8 10. Nd5 Nxd5 11. cxd5 c6 12. Bc4 b5 13. Bb3 c5 14. O-O Ba6
15. Rfe1 Nd7 16. Be3 Rec8 17. a4 b4 18. a5 Bb5 19. Ba4 Bxa4 20. Rxa4 Bf8 21.
Rd1 Bd6 22. Nd2 c4 23. Rc1 c3 24. bxc3 Rxc3 25. Rxc3 bxc3 26. Nc4 Rb8 27. Kf1
Bc5 28. Ke2 Rb2+ 29. Kd1 Bxe3 30. Nxb2 cxb2 31. Kc2 Bd4 32. f4 f6 33. fxe5 fxe5
34. Rb4 Kf7 35. Rb7 Ke7 36. Rc7 Kd8 37. Rb7 h5 38. h4 Nf6 39. Rg7 Nxe4 40. Rxg6
Nd2 41. Rg3 b1=Q+ 0-1

[Event "XIX Festival A"]
[Site "Arco ITA"]
[Date "2007.10.28"]
[Round "9"]
[White "Coqueraut, Lodewyk"]
[Black "Cardili, Mariano"]
[Result "0-1"]
[WhiteElo "1926"]
[BlackElo "2100"]
[PlyCount "70"]
[EventDate "2007.10.20"]

1. d4 d5 2. c4 c6 3. Nc3 Nf6 4. Nf3 dxc4 5. a4 Bf5 6. Ne5 Nbd7 7. Nxc4 Qc7 8.
f3 e5 9. e4 exd4 10. Ne2 Bg6 11. Bf4 Bb4+ 12. Kf2 Qd8 13. Nd6+ Bxd6 14. Bxd6 c5
15. Ng3 Qb6 16. e5 Qxb2+ 17. Kg1 Nd5 18. Qc1 Qxc1 19. Rxc1 Nc3 20. Bb5 Nxb5 21.
axb5 b6 22. Ne4 Bxe4 23. fxe4 a5 24. Kf2 O-O-O 25. Ke2 Rhe8 26. Rhf1 Nxe5 27.
Bxe5 Rxe5 28. Rxf7 Rxe4+ 29. Kf2 Rd7 30. Rf3 Rde7 31. Kg3 Re3 32. Rxe3 Rxe3+
33. Kf2 a4 34. Rc4 a3 35. Ra4 Rb3 0-1

[Event "XIX Festival A"]
[Site "Arco ITA"]
[Date "2007.10.28"]
[Round "9"]
[White "De Santis, Alessio"]
[Black "Ager, Josef"]
[Result "1-0"]
[WhiteElo "2367"]
[BlackElo "2188"]
[PlyCount "75"]
[EventDate "2007.10.20"]

1. d4 Nf6 2. c4 g6 3. Nc3 Bg7 4. e4 d6 5. f3 Na6 6. Bg5 O-O 7. Qd2 Qe8 8. Nge2
e5 9. d5 Nc5 10. h4 a6 11. g4 b5 12. Ng3 bxc4 13. Bxc4 Na4 14. Rc1 Nxc3 15.
Rxc3 Rb8 16. Bb3 Rb7 17. h5 Nd7 18. Bh6 Qe7 19. Qc1 Nc5 20. hxg6 Bxh6 21. gxh7+
Kh8 22. Rxh6 Rb4 23. Bc2 a5 24. a3 Rb6 25. Kf1 Bd7 26. Kg1 f6 27. Re3 Qg7 28.
Rh5 Rfb8 29. b3 Be8 30. Nf5 Qf8 31. Rh2 Bd7 32. Ng3 Nxb3 33. Bxb3 Rxb3 34. Rxb3
Rxb3 35. Qxc7 Bxg4 36. Nf1 Bxf3 37. Nd2 Rxa3 38. Nxf3 1-0

[Event "XIX Festival A"]
[Site "Arco ITA"]
[Date "2007.10.28"]
[Round "9"]
[White "Del Nevo, Claudio"]
[Black "La Manna, Andrea"]
[Result "0-1"]
[WhiteElo "1889"]
[BlackElo "2145"]
[PlyCount "45"]
[EventDate "2007.10.20"]

1. d4 f5 2. Nf3 g6 3. c3 Bg7 4. h3 d6 5. Bf4 Nc6 6. e3 Nf6 7. d5 e5 8. Bg5 Nb8
9. Bb5+ c6 10. dxc6 bxc6 11. Ba4 Ba6 12. Na3 Qc7 13. Bxf6 Bxf6 14. Qb3 Bc8 15.
O-O Na6 16. Qc4 Nc5 17. Rfd1 Ba6 18. Qb4 Rb8 19. Bxc6+ Ke7 20. Qxc5 dxc5 21.
Rd7+ Qxd7 22. Bxd7 Kxd7 23. Rd1+ 0-1

[Event "XIX Festival A"]
[Site "Arco ITA"]
[Date "2007.10.28"]
[Round "9"]
[White "Dittmar, Peter"]
[Black "Salvador, Roland"]
[Result "0-1"]
[WhiteElo "2318"]
[BlackElo "2456"]
[PlyCount "96"]
[EventDate "2007.10.20"]

1. Nf3 Nf6 2. g3 b5 3. Bg2 Bb7 4. d4 e6 5. c3 c5 6. O-O Be7 7. dxc5 Bxc5 8. b4
Be7 9. a4 bxa4 10. Qxa4 O-O 11. Nbd2 d5 12. Nb3 Ne4 13. Bb2 Nd7 14. Na5 Nb6 15.
Qb3 Qc7 16. Rfc1 Ba6 17. Qd1 Nc4 18. Nxc4 Bxc4 19. Ra5 f5 20. Rca1 a6 21. Nd4
e5 22. Ne6 Qb6 23. Bxe4 fxe4 24. Nxf8 Rxf8 25. e3 d4 26. cxd4 Qf6 27. f4 exf3
28. Kf2 Qh6 29. Qg1 e4 30. Re5 Bxb4 31. Rxe4 Rb8 32. Rh4 Qc6 33. Qb1 h6 34. Qc2
Be7 35. Rh5 Bd5 36. Rc1 Qxc2+ 37. Rxc2 Be4 38. Rd2 Bb4 39. Bc1 Bxd2 40. Bxd2
Rb2 41. Ke1 f2+ 42. Kxf2 Rxd2+ 43. Ke1 Rd3 44. Ke2 Rb3 45. Re5 Rb2+ 46. Ke1 Bb7
47. d5 Rb5 48. h4 Bc8 0-1

[Event "XIX Festival A"]
[Site "Arco ITA"]
[Date "2007.10.28"]
[Round "9"]
[White "Donatini, Andrea"]
[Black "Bonade', Massimo"]
[Result "1/2-1/2"]
[WhiteElo "2044"]
[BlackElo "2168"]
[PlyCount "86"]
[EventDate "2007.10.20"]

1. c4 c5 2. Nc3 Nc6 3. Nf3 g6 4. g3 Bg7 5. Bg2 e5 6. d3 Nge7 7. Bg5 f6 8. Be3
d6 9. O-O O-O 10. Nd5 Be6 11. Nxe7+ Nxe7 12. Bc1 Qd7 13. Bd2 Rac8 14. e4 Bg4
15. Be3 f5 16. exf5 Qxf5 17. Nh4 Qd7 18. Qd2 b6 19. Bg5 Be6 20. Bh6 d5 21. Bxg7
Kxg7 22. Qg5 Nc6 23. Rad1 Rf6 24. Qe3 Rcf8 25. b3 Qd6 26. Rde1 Bg8 27. Nf3 Re8
28. Ng5 Rff8 29. h4 Nd4 30. Rd1 h6 31. Nf3 Re7 32. Nxd4 exd4 33. Qd2 dxc4 34.
bxc4 Rfe8 35. Rfe1 Be6 36. Kf1 Bf5 37. Rxe7+ Qxe7 38. Bc6 Bh3+ 39. Kg1 Rf8 40.
Re1 Qf6 41. Bd5 Bf5 42. f4 Bg4 43. Re5 h5 1/2-1/2

[Event "XIX Festival A"]
[Site "Arco ITA"]
[Date "2007.10.28"]
[Round "9"]
[White "Ferrari, Michele"]
[Black "Bini, Gabriele"]
[Result "1/2-1/2"]
[WhiteElo "1819"]
[BlackElo "1736"]
[PlyCount "50"]
[EventDate "2007.10.20"]

1. d4 Nf6 2. Bg5 h6 3. Bxf6 exf6 4. e3 d5 5. Bd3 Nc6 6. c3 Bd6 7. Nd2 Ne7 8.
Qc2 f5 9. Ne2 c6 10. Ng3 g6 11. O-O-O Be6 12. f3 f4 13. exf4 Bxf4 14. Ne2 Bd6
15. Rde1 Qc7 16. g3 O-O-O 17. f4 Bf5 18. Nf3 Bxd3 19. Qxd3 Ng8 20. Ne5 Nf6 21.
Ng1 Kb8 22. Ngf3 Ne4 23. Re2 g5 24. fxg5 hxg5 25. Rf1 Rhf8 1/2-1/2

[Event "XIX Festival A"]
[Site "Arco ITA"]
[Date "2007.10.28"]
[Round "9"]
[White "Friedrich, Norbert"]
[Black "Panican, Gheorghe"]
[Result "1-0"]
[WhiteElo "2313"]
[BlackElo "2104"]
[PlyCount "63"]
[EventDate "2007.10.20"]

1. e4 e5 2. Nf3 Nc6 3. Bb5 a6 4. Ba4 Nf6 5. d4 b5 6. dxe5 Ng4 7. Bb3 Bb7 8. Qd5
Qe7 9. Bg5 Na5 10. Bxe7 Bxd5 11. Bxf8 Nxb3 12. cxb3 Kxf8 13. exd5 Re8 14. O-O
Nxe5 15. Nxe5 Rxe5 16. Rd1 Ke7 17. Nc3 Kd6 18. b4 Rhe8 19. f3 c5 20. Ne4+ Kc7
21. bxc5 f5 22. Nd6 Rf8 23. Kf2 g5 24. Rd4 h5 25. Re1 Rxe1 26. Kxe1 h4 27. f4
g4 28. Rd3 b4 29. Re3 a5 30. Re8 Rxe8+ 31. Nxe8+ Kd8 32. Nd6 1-0